| 000 | 00340nam a2200109Ia 4500 | ||
|---|---|---|---|
| 008 | 200626s9999 xx 000 0 und d | ||
| 020 | _a978-1-921342-09-7 | ||
| 245 |
_aMicrosoft project 2007 module 1: _bProfessional series:/ |
||
| 260 |
_aAustralia : _bWatsonia Software Pty Ltd _c2008 |
||
| 300 | _aviii, 300 pages | ||
| 500 | _aIncludes Index | ||
| 999 |
_c363864 _d363864 |
||